书目信息 |
| 题名: |
涤纶及其混纺织物染整加工
|
|
| 作者: | 贺良震 , 季莉 , 邵改芹 编著 | |
| 分册: | ||
| 出版信息: | 北京 中国纺织出版社 2009.12 |
|
| 页数: | 158页 | |
| 开本: | 26cm | |
| 丛书名: | ||
| 单 册: | ||
| 中图分类: | TS190.6 | |
| 科图分类: | ||
| 主题词: | 涤纶织物--混纺织物--染整 | |
| 电子资源: | ||
| ISBN: | 978-7-5064-5997-6 | |
| 000 | 00891nam0 2200253 450 | |
| 001 | 012010608947 | |
| 005 | 20100806084336.64 | |
| 009 | 012004414189 | |
| 010 | @a978-7-5064-5997-6@dCNY36.00 | |
| 100 | @a20100515d2009 em y0chiy0110 ea | |
| 101 | 0 | @achi |
| 102 | @aCN@b110000 | |
| 105 | @aa z 000yy | |
| 200 | 1 | @a涤纶及其混纺织物染整加工@Adi lun ji qi hun fang zhi wu ran zheng jia gong@f贺良震, 季莉, 邵改芹编著@Fhe liang zhen,ji li,shao gai qin bian zhu |
| 210 | @a北京@c中国纺织出版社@d2009.12 | |
| 215 | @a158页@c图@d26cm | |
| 330 | @a本书分六章,内容包括:涤纶及其混纺织物前处理、涤纶机织物染色、涤纶及其混纺织物整理、产品检验与品质控制等。 | |
| 606 | 0 | @a涤纶织物@x混纺织物@x染整 |
| 690 | @aTS190.6@v4 | |
| 701 | 0 | @a贺良震@Ahe liang zhen@4编著 |
| 701 | 0 | @a季莉@Aji li@4编著 |
| 701 | 0 | @a邵改芹@Ashao gai qin@4编著 |
| 801 | 0 | @aCN@c20100515 |
| 905 | @dTS190.6@eH315@f5 | |
| 涤纶及其混纺织物染整加工/贺良震, 季莉, 邵改芹编著.-北京:中国纺织出版社,2009.12 |
| 158页:图;26cm |
| ISBN 978-7-5064-5997-6:CNY36.00 |
| 本书分六章,内容包括:涤纶及其混纺织物前处理、涤纶机织物染色、涤纶及其混纺织物整理、产品检验与品质控制等。 |
| ● |
| 相关链接 |
|
|
|
正题名:涤纶及其混纺织物染整加工
索取号:TS190.6/H315
 
预约/预借
| 序号 | 登录号 | 条形码 | 馆藏地/架位号 | 状态 | 备注 |
| 1 | 997426 | 209974269 | 期刊室512/501自科库 41排5列2层/ [索取号:TS190.6/H315] | 在馆 | |
| 2 | 997427 | 209974278 | 期刊室512/501自科库 41排5列2层/ [索取号:TS190.6/H315] | 在馆 | |
| 3 | 997428 | 209974287 | 期刊室512/501自科库 41排5列2层/ [索取号:TS190.6/H315] | 在馆 | |
| 4 | 997429 | 209974296 | 自科库501/501自科库 41排5列2层/ [索取号:TS190.6/H315] | 在馆 | |
| 5 | 997430 | 209974303 | 自科库501/501自科库 41排5列2层/ [索取号:TS190.6/H315] | 在馆 |